000 00726nam a22002057a 4500
999 _c193591
_d193591
005 20221104111929.0
010 _aENG-135618
020 _c910.00
_a9789354420252
035 _aEN-119150
037 _bDBAD/PUB
082 _aS
100 _aBandyopadhyay, Manik
245 _aThe puppets' tale/
_cby Manik Bandyopadhyay; Translated by Ratan kumar Chattopadhyay, Forewarded by Samantak Das
260 _aTelangana
_bOrient Blackswan Pvt. Ltd.
_c2022
270 _a3-6-752 Himayatnagar, Hyderabad
_bTelangana
_e500029
_minfo@orientblackswan.com
300 _axxx; 258p.
_c22cm(pbk)
_bGlossary & Notes
700 _aChattopadhyay, Ratan Kumar
_eTranslated
700 _aDas, Samantak
_eForewarded
942 _2ddc
_cEN
_mBAN
_hS